Govt. of
Madhya Pradesh

MP PMT 2011 Success Package (Record no. 44769)

MARC details
000 -LEADER
fixed length control field 003130000a22001450004500
003 - CONTROL NUMBER IDENTIFIER
control field MACL
040 ## - CATALOGING SOURCE
Original cataloging agency MACL
090 ## - LOCALLY ASSIGNED LC-TYPE CALL NUMBER (OCLC); LOCAL CALL NUMBER (RLIN)
-- 45234
-- 45232
100 ## - MAIN ENTRY--PERSONAL NAME
Personal name Gupta, Anuradha
245 ## - TITLE STATEMENT
Title MP PMT 2011 Success Package
260 ## - PUBLICATION, DISTRIBUTION, ETC. (IMPRINT)
Name of publisher, distributor, etc. Arihant Prakashan,Meerut
350 ## - PRICE (NR) (BK AM CF MU VM SE) [OBSOLETE]
Price 625
650 ## - SUBJECT ADDED ENTRY--TOPICAL TERM
Topical term or geographic name as entry element Medical
942 ## - ADDED ENTRY ELEMENTS (KOHA)
Koha item type Library Membar
Call number prefix 610/GUP
Holdings
Withdrawn status Lost status Damaged status Not for loan Home library Current library Date acquired Total Checkouts Full call number Barcode Date last seen Uniform Resource Identifier Price effective from Koha item type
        MACL MACL 15/04/2015   610/GUP BOOK CLC04862 29/04/2015 45042 15/04/2015 Books